000 01164cam a2200397 i 4500
001 0000512
003 DO-SdBNP
005 20171214083327.0
007 0000512
008 100514s 2004 sp | |||| 000 f spa
015 _a
017 _a
_b
020 _a8420401706
035 _a
040 _aBPMSU
_bspa
_cBPMSU
_e
080 _a
082 4 _a869.342
_bS243e
100 1 _aSaramago, José,
_d1922-2010
240 1 0 _aEnsaio sobre a lucidez /
_lEspañol
245 1 0 _aEnsayo sobre la lucidez /
_h
_cJosé Saramago ; traducción Pilar del Río
250 _a
260 _aMéxico:
_bAlfaguara,
_bSantillana Ediciones Generales,
_c2004
300 _a423 p.;
_c22 cm
490 1 _aBiblioteca José Saramago
500 _a Incluye datos biográficos del autor en la solapa de la cubierta
500 _a Título original en portugués: Ensaio sobre a lucidez
586 _aPremio Novel de Literatura
650 4 _aNOVELA PORTUGUESA
650 4 _aLITERATURA PORTUGUESA
700 1 2 _aRío, Pilar del,
_etr.
830 0 _aBiblioteca José Saramago
942 _2ddc
_cBK
945 _a
956 _a
_8
_c
956 _aVMATEO
_b10
999 _c10786
_d10786